000 00325nam a2200157Ia 4500
100 _aApps/E.A
650 _aGeneral
942 _cBK
654 _aPrinting Ink
245 _aPrinting Ink Technology
260 _bLeonard Hill
_aLondon
_c1958
082 _a667.5
_bApp
300 _a552
546 _aENGLISH
999 _c33036
_d33036